00948cam a2200301 a 45000010005000000030006000050050017000110080041000280100017000690200028000860200018001140400023001320500015001550820011001701000017001812450039001982600035002373000048002724900030003205050007003505200162003575210018005195210018005376500019005556500024005746500023005986500025006215648FISKH20250109104333.0060719s2007 nyua a 000 1 eng  a 2006049582 a1423102975 (alk. paper) a9780545071475 aDLCcDLCdDLCbeng aPZ7.W65535 a813.6 1 aWillems, Mo.10aMy friend is sad /cby Mo Willems. aNew York :bScholastic,c2007. a57 pages : bcolor illustrations ; c23 cm 0 aAn Elephant & Piggie book aE  aWhen Gerald the Elephant is sad, Piggie is determined cheer him up, but finds after many tries that it only takes the simplest thing to change Gerald's mood.8 a220 bLexile 8 aE bRaz-Plus  1aPigsvFiction. 1aElephantsvFiction. 1aEmotionsvFiction. 1aFriendshipvFiction.